| 000 | 00551nam a2200205 a 4500 | ||
|---|---|---|---|
| 001 | BRCA_2833 | ||
| 005 | 20190320204005.0 | ||
| 008 | 091208s1962----enka---###---#000-0#eng-u | ||
| 050 | 4 |
_aNB1250 _b.N67 1962 |
|
| 100 | 1 |
_aNorman, Percival Edward _97932 |
|
| 245 | 1 | 0 |
_aSculpture in wood _cP. Edward Norman. |
| 260 |
_aLondon _bA. Tiranti _c1962 |
||
| 300 |
_a70 p. _bil. _c21 cm. |
||
| 440 | 0 |
_aScopas handbook _97933 |
|
| 500 | _aAA119 | ||
| 650 | 1 | 4 |
_aEscultura _93564 |
| 650 | 1 | 4 |
_aTallado en madera _xTécnica _97934 |
| 902 | _aGFM | ||
| 942 |
_2lcc _cB |
||
| 999 |
_c2572 _d2572 |
||